Brown lays the money on the line (Record no. 71086)
[ view plain ]
| 000 -LEADER | |
|---|---|
| fixed length control field | 00901cam a2200217 4500 |
| 001 - CONTROL NUMBER | |
| control field | ABS65893 |
| 008 - FIXED-LENGTH DATA ELEMENTS--GENERAL INFORMATION | |
| fixed length control field | 020904n2002 000 0 eng u |
| 035 ## - SYSTEM CONTROL NUMBER | |
| System control number | (Sirsi) u119563 |
| 100 ## - MAIN ENTRY--PERSONAL NAME | |
| Personal name | Gummer, J. |
| 245 ## - TITLE STATEMENT | |
| Title | Brown lays the money on the line |
| 260 ## - PUBLICATION, DISTRIBUTION, ETC. | |
| Date of publication, distribution, etc. | 2002 |
| 490 ## - SERIES STATEMENT | |
| Series statement | Estates Gazette |
| Volume/sequential designation | (0235) 31 August 2002, 35(1) |
| 520 ## - SUMMARY, ETC. | |
| Summary, etc. | Discusses the extension of the Docklands Light Railway to City Airport. Argues that this is a very positive development that will open up rundown areas of east London for redevelopment and make City Airport more accessible for business passengers. Urges the government to go ahead with Crossrail which will bring a direct link from Paddington to Stratford. |
| 590 ## - LOCAL NOTE (RLIN) | |
| Local note | ABS |
| 650 ## - SUBJECT ADDED ENTRY--TOPICAL TERM | |
| Topical term or geographic name entry element | DLR EXTENSION |
| 650 ## - SUBJECT ADDED ENTRY--TOPICAL TERM | |
| Topical term or geographic name entry element | CROSSRAIL |
| 650 ## - SUBJECT ADDED ENTRY--TOPICAL TERM | |
| Topical term or geographic name entry element | EAST LONDON |
| 650 ## - SUBJECT ADDED ENTRY--TOPICAL TERM | |
| Topical term or geographic name entry element | TRANSPORT INFRASTRUCTURE |
| 690 ## - LOCAL SUBJECT ADDED ENTRY--TOPICAL TERM (OCLC, RLIN) | |
| Topical term or geographic name as entry element | TRANSPORT AND COMMUNICATIONS |
| 942 ## - ADDED ENTRY ELEMENTS (KOHA) | |
| Suppress in OPAC | 0 |
| Withdrawn status | Lost status | Source of classification or shelving scheme | Damaged status | Not for loan | Home library | Current library | Shelving location | Date acquired | Total Checkouts | Full call number | Barcode | Date last seen | Copy number | Price effective from | Koha item type |
|---|---|---|---|---|---|---|---|---|---|---|---|---|---|---|---|
| Dewey Decimal Classification | London | London | Journal article | 04/09/2002 | ABS65893 | 119563-1001 | 06/08/2019 | 1 | 06/08/2019 | Journal article |